Top 50 Lo-Fi Indie Albums - Statistics

General Stats
  • This quiz has been taken 28 times
  • The average score is 11 of 50
Answer Stats
Artist Album % Correct
#1: The Microphones The Glow Pt. 2
88%
#2: Pavement Slanted and Enchanted
77%
#9: Car Seat Headrest Twin Fantasy
73%
#4: Elliott Smith Elliott Smith
62%
#13: Neutral Milk Hotel On Avery Island
62%
#3: Guided by Voices Bee Thousand
58%
#6: Duster Stratosphere
58%
#32: Daniel Johnston Hi, How Are You
50%
#22: Beck Mellow Gold
38%
#16: The Microphones It Was Hot, We Stayed in the Water
35%
#10: Elliott Smith Roman Candle
35%
#5: Guided by Voices Alien Lanes
31%
#8: The Mountain Goats All Hail West Texas
31%
#7: Modest Mouse This is a Long Drive for Someone with Nothing to Think About
31%
#19: Daniel Johnston 1990
23%
#41: Car Seat Headrest Monomania
23%
#40: Alex G Trick
23%
#17: Mount Eerie with Julie Doiron & Fred Squire Lost Wisdom
19%
#20: Ween The Pod
19%
#11: Guided by Voices Under the Bushes Under the Stars
19%
#25: Ween God Ween Satan: The Oneness
15%
#34: Car Seat Headrest Nervous Young Man
15%
#18: Guided by Voices Propeller
15%
#30: Ween Pure Guava
15%
#39: Vincent Gallo When
15%
#24: Mount Eerie Wind's Poem
15%
#46: Daniel Johnston Yip / Jump Music
15%
#12: Beat Happening You Turn Me On
15%
#14: Sparklehorse Good Morning Spider
12%
#28: Archers of Loaf Icky Mettle
12%
#45: Sebadoh III
12%
#23: Kleenex Girl Wonder Ponyoak
12%
#27: Daniel Johnston Songs of Pain
12%
#21: Robert Pollard with Doug Gillard Speak Kindly of Your Volunteer Fire Department
12%
#29: The Mountain Goats The Coroner's Gambit
12%
#15: Sparklehorse Vivadixiesubmarinetransmissionplot
12%
#26: The Mountain Goats Full Force Galesburg
8%
#44: John Frusciante Niandra LaDes and Usually Just a T-Shirt
8%
#42: Ariel Pink's Haunted Graffiti Worn Copy
8%
#36: u.n.p.o.c. Fifth Column
4%
#43: Mount Eerie No Flashlight: Songs of the Fulfilled Night
4%
#49: Supreme Dicks The Unexamined Life
4%
#37: John Frusciante To Record Only Water for Ten Days
4%
#31: Smog Wild Love
4%
#38: The Mountain Goats Come, Come to the Sunset Tree
0%
#33: Ariel Pink's Haunted Graffiti House Arrest + Lover Boy
0%
#50: Dominique A La Fossette
0%
#47: Tobin Sprout Moonflower Plastic (Welcome to My Wigwam)
0%
#35: Robert Pollard Not in My Airforce
0%
#48: Smog The Doctor Came at Dawn
0%
No matching quizzes found
Score Distribution
Percent of People with Each Score
Percentile by Number Answered
Your Score History
You have not taken this quiz